No te ahogues en un vaso de agua (Registro nro. 1092)
[ vista simple ]
| 000 -Cabecera | |
|---|---|
| Campo de control de longitud fija | 00499aam a2200205 4500 |
| 005 - Fecha y hora de la última transacción | |
| Campo de control | 20231010112649.0 |
| 008 - Elementos de longitud fija--Información general | |
| Campo de control de longitud fija | 150602b xxu||||| |||| 00| 0 spa d |
| 041 ## - Idioma | |
| Código de idioma | |
| 082 ## - Clasificación Decimal Dewey | |
| Número de clasificación | 155.23 C284n |
| 100 ## - Entrada principal--Autor personal | |
| Nombre personal | Carlson, Richard |
| 9 (RLIN) | 22734 |
| 245 ## - Título propiamente dicho | |
| Título | No te ahogues en un vaso de agua |
| 260 ## - Pie de imprenta | |
| Lugar de publicación, distribución, etc. | España |
| 260 ## - Pie de imprenta | |
| Nombre del editor, distribuidor, etc. | Mondadori |
| 260 ## - Pie de imprenta | |
| Fecha de publicación, distribución, etc. | 1997 |
| 300 ## - Descripción física | |
| Extensión | 230 páginas |
| 650 ## - Materia general | |
| Temática (materia general) | PERSONALIDAD |
| 650 ## - Materia general | |
| Temática (materia general) | SUPERACIÓN PERSONAL |
| 650 ## - Materia general | |
| Temática (materia general) | PLAN DE VIDA |
| 942 ## - Punto de acceso adicional KOHA | |
| Tipo de ítem KOHA | Literatura |
| Fuente del sistema de clasificación o colocación | Dewey Decimal Classification |
| Signatura completa | Código de barras | Tipo de ítem |
|---|---|---|
| 155.23 C284n | 9873 | Literatura |